| Tag |
First Indicator |
Second Indicator |
Subfields |
| LEADER |
00000cam a2200000 4500 |
| 001 |
in00000182921 |
| 005 |
20151008083329.0 |
| 008 |
720616s1951 nyuac b 00000beng |
| 010 |
|
|
|a 51005183
|
| 035 |
|
|
|a (OCoLC)00334702
|
| 035 |
|
|
|9 AAT7143AM
|
| 040 |
|
|
|c WSU
|d TXA
|d UtOrBLW
|
| 049 |
|
|
|a TXAM
|c 1 [199669]
|c 2 [250540]
|
| 050 |
|
0 |
|a PN4874.R3
|b B7
|
| 082 |
0 |
|
|a 920.5
|
| 100 |
1 |
|
|a Brown, Francis,
|d 1903-1995.
|
| 245 |
1 |
0 |
|a Raymond of the Times.
|
| 250 |
|
|
|a [1st ed.].
|
| 264 |
|
1 |
|a New York :
|b Norton,
|c [1951]
|
| 300 |
|
|
|a viii, 345 pages :
|b illustrations, portraits ;
|c 25 cm.
|
| 336 |
|
|
|a text
|b txt
|2 rdacontent
|
| 337 |
|
|
|a unmediated
|b n
|2 rdamedia
|
| 338 |
|
|
|a volume
|b nc
|2 rdacarrier
|
| 504 |
|
|
|a "Some notes on bibliography": pages [335]-340.
|
| 600 |
1 |
0 |
|a Raymond, Henry J.
|q (Henry Jarvis),
|d 1820-1869.
|
| 999 |
|
|
|a MARS
|
| 999 |
f |
f |
|s 844af526-8e8e-3db0-a2ed-cdc840f1d588
|i b25407af-10d3-3176-986e-a34e82517de7
|t 0
|
| 952 |
f |
f |
|p ric
|a Texas A&M University
|b Rellis Campus
|c Joint Library Facility
|s JLF
|d Remote Storage
|t 0
|e PN4874.R3 B7
|h Library of Congress classification
|i unmediated -- volume
|m A14803728280
|
| 998 |
f |
f |
|a PN4874.R3 B7
|t 0
|l Remote Storage
|